00527 2200169 4500245012300000020002200123250001100145100002400156650002400180650003200204005001900236260004000255041001400295084001000309300002900319336000900348 aIndonesia Menuju 2045 b : Mencapai Kemajuan Ekonomi Berbasis Inovasi dan Ilmu PengetahuancPhilips J. VermontehText a978-623-346-168-9 aCet. 1 aPhilips J. Vermonte aEkonomi Pembangunan aInovasi dan Ilmu Pengetuhan a20240903145517 aJakartabPenerbit Buku Kompasc2021 aIndonesia a339.5 axxiv, 112 hlm. :c23 cm. atext